000 00668 a2200241 4500
001 000
003 0000
005 20251011182958.0
020 _a9781032512907
040 _erda
050 _aJC 328.7 .B53
100 _aBidet Jacques
245 _aA Political Ecology of Common People
260 _aLondon
_bRoutledge
_c2024
264 _aLondon
_bRoutledge
_c2024
300 _aviii,183p.
336 _2rdacontent
338 _2rdacarrier
490 _aCritiques and Alternatives to Capitalism
504 _aIncludes Index
650 _2Political ecology.
_v
_x
942 _2lcc
_cBK
999 _c43725
_d43725